| 000 | 00569nam a2200205 a 4500 | ||
|---|---|---|---|
| 999 |
_c1407 _d1407 |
||
| 008 | 200101t2011 xxkad||g |||| 001 0 eng d | ||
| 020 |
_a9780750685306 _cRs .625.00 |
||
| 040 |
_aKO _beng |
||
| 041 | 0 | _aeng | |
| 044 | _axxk | ||
| 082 | 0 | 4 |
_223 _a623.881 _bH8162 |
| 100 | 1 | _aHouse, D. J. | |
| 245 | 1 | 0 |
_aShip Handling : _bTheory and Practice / _cD. J. House |
| 260 |
_aOxon : _bButterworth-Heinemann , _c2011 . |
||
| 300 |
_axliii ,245p. : _bill. , charts ; _c24 cm . |
||
| 504 | _aIncludes Index. | ||
| 650 | 0 |
_aShip handling _vTextbooks. |
|
| 942 | _cBK | ||